00633nam a2200229 a 450000100060000000300080000600500170001400800410003102000150007203500190008704000350010604100080014108200250014910000220017424500420019625000120023826000530025030000330030350400380033665000120037465000170038665824BD-RjUL20211209081452.0170312s1979 enka b 000 0 eng d a0080106099 a(BD-RjUL)65954 aBD-RjULcBD-RjULdBD-RjULbeng aeng00a582.13223bPEF 19791 aPercival, Mary S.10aFloral biology /c[by] Mary Percival. a1st ed. aOxford :bPergamon Presscc1965 [reprinted 1979] axv, 239 p. :bill. ;c20 cm. aIncludes bibliographies and index 0aFlowers 0aPollination.